000 00663nam a2200277Ia 4500
005 20260324134421.0
008 008 260324s9999 xx 000 0 eng d
020 _a9781315062754
037 _aEBOOK
040 _aCRL
040 _beng
040 _cCRL
041 _2eng
041 _aeng
084 _qCRL
100 _aJohn McDonough; Karen Egolf
_91196738
245 4 _aThe Advertising Age Encyclopedia of Advertising
260 _bTaylor and Francis
260 _c2002
365 _a
365 _b990
856 _uhttp://www.taylorfrancis.com/books/9781315062754
942 _cEBOOK
999 _c1796817
_d1796817